Mathematical methods in chemical engineering (Record no. 25039)

000 -LEADER
fixed length control field 00548nam a22002051 4500
001 - CONTROL NUMBER
control field 25039
003 - CONTROL NUMBER IDENTIFIER
control field BD-DhUET
008 - FIXED-LENGTH DATA ELEMENTS--GENERAL INFORMATION
fixed length control field 730313s1963 xx 000 0 eng
040 ## - CATALOGING SOURCE
Original cataloging agency DLC
Transcribing agency OClU
Modifying agency BD-DhUET
082 ## - DEWEY DECIMAL CLASSIFICATION NUMBER
Classification number 660.28
Item number JEN/1963
100 ## - MAIN ENTRY--PERSONAL NAME
Personal name Jenson, V. G.
245 10 - TITLE STATEMENT
Title Mathematical methods in chemical engineering
250 ## - EDITION STATEMENT
Edition statement 1st ed.
260 ## - PUBLICATION, DISTRIBUTION, ETC. (IMPRINT)
Place of publication, distribution, etc. London
Name of publisher, distributor, etc. Academic Press
Date of publication, distribution, etc. 1963
300 ## - PHYSICAL DESCRIPTION
Extent xi, 556 p.
Other physical details illus.
Dimensions 24cm.
504 ## - BIBLIOGRAPHY, ETC. NOTE
Bibliography, etc Includes bibliographies
650 #0 - SUBJECT ADDED ENTRY--TOPICAL TERM
Topical term or geographic name as entry element Chemical engineering
700 ## - ADDED ENTRY--PERSONAL NAME
Personal name Jeffreys, G. V.
942 ## - ADDED ENTRY ELEMENTS (KOHA)
Koha item type General Book
Holdings
Damaged status Sublocation or collection (holding branch) Date acquired Not for loan Withdrawn status Price effective from Copy number Shelving location Location (home branch) Source of classification or shelving scheme Koha item type Piece designation (barcode) Koha full call number Koha date last seen Lost status Koha normalized classification for sorting
 Central Library, BUET2015-05-12  2015-05-121Circulation sectionCentral Library, BUET General Book22438660.28/JEN/19632015-05-12 660_280000000000000_JEN_1963
 Central Library, BUET2015-05-12  2015-05-122Circulation sectionCentral Library, BUET General Book22440660.28/JEN/19632015-05-12 660_280000000000000_JEN_1963
 Central Library, BUET2015-05-12  2015-05-123Circulation sectionCentral Library, BUET General Book22434660.28/JEN/19632015-05-12 660_280000000000000_JEN_1963
 Central Library, BUET2015-05-18  2015-05-184Circulation sectionCentral Library, BUET General Book22432660.28/JEN/19632015-05-18 660_280000000000000_JEN_1963
 Central Library, BUET2015-05-18  2015-05-185Circulation sectionCentral Library, BUET General Book22435660.28/JEN/19632015-05-18 660_280000000000000_JEN_1963
 Central Library, BUET2015-05-18  2015-05-186Circulation sectionCentral Library, BUET General Book29450660.28/JEN/19632015-05-18 660_280000000000000_JEN_1963
 Central Library, BUET2015-05-18  2015-05-187Circulation sectionCentral Library, BUET General Book29449660.28/JEN/19632015-05-18 660_280000000000000_JEN_1963
 Central Library, BUET2015-05-18  2015-05-188Circulation sectionCentral Library, BUET General Book29448660.28/JEN/19632015-05-18 660_280000000000000_JEN_1963
 Central Library, BUET2015-05-18  2015-05-189Circulation sectionCentral Library, BUET General Book29457660.28/JEN/19632015-05-18 660_280000000000000_JEN_1963
 Central Library, BUET2015-05-18  2015-05-1810Circulation sectionCentral Library, BUET General Book29454660.28/JEN/19632015-05-18 660_280000000000000_JEN_1963
 Central Library, BUET2015-05-18  2015-05-1811Circulation sectionCentral Library, BUET General Book29453660.28/JEN/19632015-05-18 660_280000000000000_JEN_1963
 Central Library, BUET2015-05-18  2015-05-1812Circulation sectionCentral Library, BUET General Book29451660.28/JEN/19632015-05-18 660_280000000000000_JEN_1963
 Central Library, BUET2015-05-18  2015-05-1813Circulation sectionCentral Library, BUET General Book22431660.28/JEN/19632015-05-18 660_280000000000000_JEN_1963
 Central Library, BUET2015-05-18  2015-05-1814Circulation sectionCentral Library, BUET General Book29452660.28/JEN/19632015-05-18 660_280000000000000_JEN_1963
 Central Library, BUET2015-05-18  2015-05-1815Circulation sectionCentral Library, BUET General Book22436660.28/JEN/19632015-05-18 660_280000000000000_JEN_1963
 Central Library, BUET2015-06-17  2015-06-1716Reading sectionCentral Library, BUET Reading Item29456660.28/JEN/19632015-06-17 660_280000000000000_JEN_1963
 Central Library, BUET2015-06-18  2015-06-1817Reading sectionCentral Library, BUET Reading Item29455.660.28/JEN/19632015-06-18 660_280000000000000_JEN_1963
 Central Library, BUET2015-07-10  2015-07-1018Reading sectionCentral Library, BUET Reading Item22439660.28/JEN/19632015-07-10 660_280000000000000_JEN_1963